| 000 | 00000nam##2200000za#4500 |
| 001 | 9.578631 |
| 003 | CaOODSP |
| 005 | 20210624190158 |
| 007 | cr ||||||||||| |
| 008 | 150406|2000||||xxc|||||o f|0| 0 eng|d |
| 040 | |aCaOODSP|beng |
| 043 | |an-cn--- |
| 086 | 1 |aFs70-1/2000-085E-PDF |
| 110 | 1 |aCanada. |bDepartment of Fisheries and Oceans. |
| 245 | 10|aPopulation status of eastern Georges Bank cod (unit areas 5Zj,m) for 1978-2000 / |h[electronic resource]|c[by] J.J. Hunt and B. Hatt. |
| 260 | |aOttawa - Ontario : |bFisheries and Oceans Canada |c2000. |
| 300 | |a40p.|bgraphs, maps, references, tables |
| 490 | 1 |aCanadian Stock Assessment Secretariat research document|v2000/085 |
| 546 | |a(Texte en anglais, résumé en les deux langues officiels) |
| 590 | |a14-10-Supp|b2014-05-08 |
| 830 | #0|aCanadian Stock Assessment Secretariat research document ;|v2000/085|w(CaOODSP)9.507740 |
| 856 | 40|ahttp://publications.gc.ca|qPDF|s462 KB|uhttps://publications.gc.ca/collections/collection_2014/mpo-dfo/Fs70-1-2000-085-eng.pdf|y2000/085 |